| 000 | 00760nam a22002057a 4500 | ||
|---|---|---|---|
| 999 |
_c11399 _d11399 |
||
| 003 | AR-CdUCM | ||
| 008 | 190403b ||||| |||| 00| 0 spa d | ||
| 040 |
_aMUNICIPALIDAD PROVINCIAL DEL CUSCO _cBIBLIOTECA MUNICIPAL DEL CUSCO |
||
| 082 |
_a341.7 / _bL36 / 1945 |
||
| 100 |
_aLedgard, Carlos _928742 |
||
| 245 | _aLa teoría de la imprevision en el derecho contemporáneo y en el código civil de 1936 / | ||
| 260 |
_aLima : _bGil, _c1945. |
||
| 300 |
_a112 páginas ; _c25 cm. |
||
| 505 | _aContenido : Planteamiento del problema -- Esquema histórico -- El derecho contemporáneo -- La imprevision en la doctrina ... | ||
| 650 |
_aDerecho _9739 |
||
| 650 |
_aImprevision _928743 |
||
| 650 |
_aCódigo civil _928051 |
||
| 942 |
_2ddc _cLIBROS |
||
| 945 | _arah | ||